[Event "Asian Nations Cup w 2016"]
[Site "Abu Dhabi UAE"]
[Date "2016.03.30"]
[Round "3.3"]
[White "Wickramasinghe, Dilhara Ishini"]
[Black "Lei, Tingjie"]
[Result "0-1"]
[WhiteTitle "WFM"]
[BlackTitle "WGM"]
[WhiteElo "1757"]
[BlackElo "2495"]
[WhiteTeam "Sri Lanka"]
[BlackTeam "China"]
[WhiteFideId "9906738"]
[BlackFideId "8605114"]
[EventDate "2016.03.28"]
[EventType "team"]

1. d4 Nf6 2. c4 g6 3. Nc3 d5 4. Bg5 Ne4 5. Bf4 Nxc3 6. bxc3 Bg7 7. e3 O-O 8.
cxd5 Qxd5 9. Nf3 c5 10. Be2 cxd4 11. cxd4 b6 12. O-O Bb7 13. Qa4 Nc6 14. Rfd1
Na5 15. Qa3 Rfe8 16. Rac1 Bf8 17. Qb2 Rec8 18. h3 h6 19. Bd3 f5 20. Be2 Qe6 21.
Ne1 Bg7 22. Bf3 Be4 23. Bxe4 Qxe4 24. Nc2 Kh7 25. Na3 Rd8 26. Nb5 g5 27. Bh2 Rd7
28. Rd2 Rf8 29. Qc2 Qe6 30. Nc7 Qg6 31. Qa4 Rfd8 32. Rb2 f4 33. Qc2 Rc8 34.
Qxg6+ Kxg6 35. exf4 gxf4 36. Bxf4 e5 37. Nb5 Rxc1+ 38. Bxc1 exd4 39. Rd2 d3 40.
Kf1 a6 41. Na3 Bc3 42. Nb1 Bxd2 43. Bxd2 Nc4 44. Ke1 Re7+ 45. Kd1 Re2 46. Be1
Nb2+ 47. Kc1 Rc2# 0-1

[Event "Asian Nations Cup w 2016"]
[Site "Abu Dhabi UAE"]
[Date "2016.03.30"]
[Round "3.4"]
[White "Guo, Qi"]
[Black "Mendis, Dasuni Hansika"]
[Result "1-0"]
[WhiteTitle "IM"]
[BlackTitle "WCM"]
[WhiteElo "2435"]
[BlackElo "1739"]
[WhiteTeam "China"]
[BlackTeam "Sri Lanka"]
[WhiteFideId "8604002"]
[BlackFideId "9907696"]
[EventDate "2016.03.28"]
[EventType "team"]

1. d4 Nf6 2. Nf3 c5 3. d5 d6 4. c4 g6 5. Nc3 Bg7 6. e4 Nbd7 7. h3 a6 8. Bd3 O-O
9. O-O Ne8 10. a4 Ne5 11. Nxe5 Bxe5 12. Bh6 Bg7 13. Bxg7 Nxg7 14. f4 Qc7 15. Qe1
Bd7 16. Qh4 Rae8 17. f5 Bc8 18. Rae1 b6 19. Qh6 Nh5 20. g4 Ng7 21. g5 Qd7 22.
Rf4 1-0

[Event "Asian Nations Cup w 2016"]
[Site "Abu Dhabi UAE"]
[Date "2016.03.30"]
[Round "3.1"]
[White "Al-Harmoudi, Mona"]
[Black "Saduakassova, Dinara"]
[Result "0-1"]
[WhiteTitle "WIM"]
[BlackTitle "WGM"]
[WhiteElo "1694"]
[BlackElo "2411"]
[WhiteTeam "UAE - 2"]
[BlackTeam "Kazakhstan"]
[WhiteFideId "9301631"]
[BlackFideId "13700090"]
[EventDate "2016.03.28"]
[EventType "team"]

1. d4 Nf6 2. Nf3 e6 3. g3 b5 4. Bg2 Bb7 5. O-O c5 6. e3 Be7 7. Nbd2 O-O 8. a4 b4
9. dxc5 Na6 10. Nc4 Nxc5 11. Nd4 d5 12. Ne5 Rc8 13. c3 bxc3 14. bxc3 Nce4 15.
Qb3 Qc7 16. Rb1 Ba6 17. Nec6 Bd6 18. Ba3 Bxf1 19. Bxf1 Nd2 20. Bxd6 Qxd6 21. Qb7
Rc7 22. Qb4 Rxc6 23. Nxc6 Qxc6 24. Bb5 Qa8 25. Rd1 Nf3+ 26. Kg2 d4 27. e4 Qxe4 0-1

[Event "Asian Nations Cup w 2016"]
[Site "Abu Dhabi UAE"]
[Date "2016.03.30"]
[Round "3.2"]
[White "Davletbayeva, Madina"]
[Black "Shaikha, Abdallah Aldhaheri"]
[Result "1-0"]
[WhiteTitle "WIM"]
[WhiteElo "2295"]
[BlackElo "1587"]
[WhiteTeam "Kazakhstan"]
[BlackTeam "UAE - 2"]
[WhiteFideId "13703595"]
[BlackFideId "9305343"]
[EventDate "2016.03.28"]
[EventType "team"]

1. e4 c5 2. Nf3 g6 3. c3 d5 4. exd5 Qxd5 5. d4 Bg7 6. Na3 cxd4 7. Bc4 Qd8 8. Nb5
a6 9. Nbxd4 Nf6 10. O-O O-O 11. a4 Nbd7 12. a5 e5 13. Nc2 Qc7 14. Qe2 Re8 15.
Ng5 Re7 16. b3 b5 17. Ba3 bxc4 18. Bxe7 cxb3 19. Nb4 Qxc3 20. Rac1 Qd4 21. Rfd1
Qf4 22. Qf3 Qxf3 23. Nxf3 Ne4 24. Rd3 Bh6 25. Rb1 Ndc5 26. Rd8+ Kg7 27. Bf8+ Kf6
28. Bxh6 Nc3 29. Nd5+ Nxd5 30. Rxd5 Bf5 31. Rb2 Rc8 32. Be3 Nd3 33. Rxb3 1-0

[Event "Asian Nations Cup w 2016"]
[Site "Abu Dhabi UAE"]
[Date "2016.03.30"]
[Round "3.3"]
[White "Al-Moaamari, Mozah"]
[Black "Dauletova, Gulmira"]
[Result "0-1"]
[BlackTitle "WIM"]
[WhiteElo "1607"]
[BlackElo "2269"]
[WhiteTeam "UAE - 2"]
[BlackTeam "Kazakhstan"]
[WhiteFideId "9307010"]
[BlackFideId "13702971"]
[EventDate "2016.03.28"]
[EventType "team"]

1. c4 e5 2. Nc3 Nf6 3. g3 d5 4. cxd5 Nxd5 5. Bg2 Nb6 6. Nf3 Nc6 7. O-O Be7 8. a3
O-O 9. b4 Be6 10. Rb1 f6 11. b5 Nd4 12. d3 a5 13. Nd2 Qc8 14. e3 Nf5 15. Qc2 a4
16. Bb2 Rd8 17. Rfc1 Nd6 18. Nde4 Bb3 19. Qe2 Nf7 20. Nd2 Be6 21. Nce4 Qd7 22.
d4 exd4 23. exd4 Bg4 24. f3 Bf5 25. Ra1 Re8 26. Qf1 Nd5 27. Nc5 Bxc5 28. Rxc5
Ne3 29. Qf2 Nxg2 30. Kxg2 Bd3 31. Re1 Rxe1 32. Qxe1 Re8 33. Rxc7 Rxe1 34. Rxd7
Re2+ 35. Kg1 Rxd2 36. Bc3 Rc2 37. Bb4 Ng5 0-1

[Event "Asian Nations Cup w 2016"]
[Site "Abu Dhabi UAE"]
[Date "2016.03.30"]
[Round "3.4"]
[White "Zhylkaidarova, Sholpan"]
[Black "Bashaer, Khalil"]
[Result "1-0"]
[WhiteTitle "WFM"]
[BlackTitle "WCM"]
[WhiteElo "2176"]
[BlackElo "1549"]
[WhiteTeam "Kazakhstan"]
[BlackTeam "UAE - 2"]
[WhiteFideId "13700138"]
[BlackFideId "9304843"]
[EventDate "2016.03.28"]
[EventType "team"]

1. d4 d5 2. c4 e6 3. Nc3 Nf6 4. Nf3 c6 5. Bg5 Nbd7 6. e3 Qa5 7. Nd2 Bb4 8. Qc2
O-O 9. Bxf6 Nxf6 10. Bd3 Bd6 11. O-O Qc7 12. Nf3 dxc4 13. Bxc4 e5 14. Ne4 Nxe4
15. Qxe4 exd4 16. Ng5 g6 17. Qh4 h5 18. Nxf7 Rxf7 19. Qf6 Bb4 20. Qxg6+ Kf8 21.
Qh6+ Ke8 22. Qxh5 Qe7 23. a3 Bd6 24. exd4 Qf6 25. Rae1+ Kf8 26. Bxf7 Qxf7 27.
Qh8+ 1-0

[Event "Asian Nations Cup w 2016"]
[Site "Abu Dhabi UAE"]
[Date "2016.03.30"]
[Round "3.1"]
[White "Khademalsharieh, Sarasadat"]
[Black "Pham, Le Thao Nguyen"]
[Result "1/2-1/2"]
[WhiteTitle "IM"]
[BlackTitle "IM"]
[WhiteElo "2450"]
[BlackElo "2335"]
[WhiteTeam "Iran"]
[BlackTeam "Vietnam"]
[WhiteFideId "12512214"]
[BlackFideId "12401226"]
[EventDate "2016.03.28"]
[EventType "team"]

1. d4 Nf6 2. c4 e6 3. Nf3 d5 4. Nc3 Be7 5. Bf4 O-O 6. e3 Nbd7 7. c5 Ne4 8. Qc2
f5 9. Ne5 Bf6 10. Nxd7 Bxd7 11. f3 g5 12. Nxe4 dxe4 13. Bg3 exf3 14. gxf3 Bc6
15. Be2 f4 16. Bf2 fxe3 17. Bxe3 Bxd4 18. Rd1 Bxe3 19. Rxd8 Raxd8 20. Qb3 Bd2+
21. Kf2 Bd5 22. Qc2 Bf4 23. Rg1 Kh8 24. Rg4 Rf5 25. Bd3 Rf7 26. Qc3+ Kg8 27. Be2
h5 28. Rg2 Kh7 29. h4 g4 30. Kg1 Bxf3 31. Rf2 Bxe2 32. Rxe2 e5 33. Qb3 Kg7 34.
Qxb7 Rd3 35. Qc6 Rg3+ 36. Kf2 Rh3 37. Ke1 Rd3 38. Rg2 Rfd7 39. Rc2 Rf7 40. Rg2
Rfd7 41. Rc2 Rf7 1/2-1/2

[Event "Asian Nations Cup w 2016"]
[Site "Abu Dhabi UAE"]
[Date "2016.03.30"]
[Round "3.2"]
[White "Hoang, Thi Bao Tram"]
[Black "Pourkashiyan, Atousa"]
[Result "1-0"]
[WhiteTitle "WGM"]
[BlackTitle "WGM"]
[WhiteElo "2283"]
[BlackElo "2372"]
[WhiteTeam "Vietnam"]
[BlackTeam "Iran"]
[WhiteFideId "12401102"]
[BlackFideId "12502014"]
[EventDate "2016.03.28"]
[EventType "team"]

1. d4 Nf6 2. c4 e6 3. Nc3 Bb4 4. Qc2 O-O 5. a3 Bxc3+ 6. Qxc3 b6 7. Bg5 Bb7 8. f3
h6 9. Bh4 d5 10. Rc1 Nc6 11. e3 Re8 12. cxd5 exd5 13. Bb5 Re6 14. Ne2 Rc8 15.
O-O Ne7 16. b4 Nf5 17. Bf2 Nd6 18. Bd3 c6 19. Ng3 Ra8 20. Rfe1 a5 21. Ra1 Re8
22. Nf5 Qd7 23. Nxd6 Qxd6 24. Reb1 axb4 25. axb4 Nd7 26. Rxa8 Rxa8 27. e4 Nf8
28. e5 Qd8 29. f4 Ra2 30. Ra1 Qa8 31. Rxa2 Qxa2 32. h3 Qa4 33. f5 Bc8 34. Kh2
Qa2 35. Be3 Bd7 36. f6 Ne6 37. fxg7 Kxg7 38. Qc1 Qb3 39. Bxh6+ Kh8 40. Qf1 Kg8
41. Qf5 Nf8 42. Qg5+ 1-0

[Event "Asian Nations Cup w 2016"]
[Site "Abu Dhabi UAE"]
[Date "2016.03.30"]
[Round "3.3"]
[White "Hejazipour, Mitra"]
[Black "Hoang, Thi Nhu Y"]
[Result "0-1"]
[WhiteTitle "WGM"]
[BlackTitle "WIM"]
[WhiteElo "2332"]
[BlackElo "2247"]
[WhiteTeam "Iran"]
[BlackTeam "Vietnam"]
[WhiteFideId "12505951"]
[BlackFideId "12401455"]
[EventDate "2016.03.28"]
[EventType "team"]

1. d4 d5 2. c4 dxc4 3. Nf3 Nf6 4. e3 e6 5. Bxc4 Bb4+ 6. Bd2 Bxd2+ 7. Nbxd2 O-O
8. Rc1 Nc6 9. O-O Qe7 10. Bb5 Bd7 11. Nb3 a6 12. Bd3 Rfd8 13. Nc5 Ra7 14. Qe2
Be8 15. Rfd1 g6 16. Bc4 e5 17. dxe5 Rxd1+ 18. Qxd1 Nxe5 19. Nxe5 Qxe5 20. b4 b6
21. Nd3 Qe7 22. Qf3 Kg7 23. h3 a5 24. b5 a4 25. Qf4 a3 26. Qd4 Qd6 27. Qc3 Kg8
28. f3 Nd5 29. Qd4 Nf6 30. Qc3 Nd5 31. Qd2 Ra5 32. Nf2 Nf6 33. Qe2 Qb4 34. Nd3
Qe7 35. Nf4 Bxb5 36. Bxb5 Rxb5 37. Rc3 Rb2 38. Qc4 b5 39. Qc6 b4 40. Rd3 Rxa2
41. Qc1 Qe5 42. Rd1 b3 0-1

[Event "Asian Nations Cup w 2016"]
[Site "Abu Dhabi UAE"]
[Date "2016.03.30"]
[Round "3.4"]
[White "Nguyen, Thi Thanh An"]
[Black "Alavi, Homa"]
[Result "1/2-1/2"]
[WhiteTitle "WGM"]
[WhiteElo "2239"]
[BlackElo "1974"]
[WhiteTeam "Vietnam"]
[BlackTeam "Iran"]
[WhiteFideId "12400300"]
[BlackFideId "12507547"]
[EventDate "2016.03.28"]
[EventType "team"]

1. d4 d5 2. c4 e6 3. Nc3 Be7 4. cxd5 exd5 5. Bf4 c6 6. Qc2 Nf6 7. e3 Nbd7 8. Bd3
O-O 9. Nf3 Re8 10. O-O Nf8 11. h3 Ng6 12. Bh2 Bd6 13. Rab1 Bxh2+ 14. Kxh2 Qe7
15. b4 a6 16. Nd2 Be6 17. Rfe1 Rac8 18. f4 Bd7 19. Nf3 Ne4 20. Bxe4 dxe4 21. Ne5
Nxe5 22. fxe5 f6 23. exf6 Qxf6 24. Rf1 Qd6+ 25. Kh1 Rf8 26. a3 Qh6 27. Qe2 Bxh3
28. gxh3 Qxh3+ 29. Kg1 Qg3+ 30. Kh1 Qh3+ 31. Kg1 Qg3+ 32. Kh1 Qh3+ 33. Kg1 Qg3+ 1/2-1/2

[Event "Asian Nations Cup w 2016"]
[Site "Abu Dhabi UAE"]
[Date "2016.03.30"]
[Round "3.1"]
[White "Saleh, Nora Mohd"]
[Black "Muminova, Nafisa"]
[Result "0-1"]
[WhiteTitle "WIM"]
[BlackTitle "WGM"]
[WhiteElo "1920"]
[BlackElo "2318"]
[WhiteTeam "UAE - 1"]
[BlackTeam "Uzbekistan"]
[WhiteFideId "9301607"]
[BlackFideId "14201526"]
[EventDate "2016.03.28"]
[EventType "team"]

1. d4 d5 2. Nf3 Nf6 3. c4 c6 4. e3 Bg4 5. cxd5 Bxf3 6. gxf3 cxd5 7. Qa4+ Nc6 8.
Bb5 Qd7 9. Bd2 g6 10. O-O Bg7 11. Rc1 Rc8 12. Bb4 O-O 13. Bxc6 bxc6 14. Nd2 Rfe8
15. Bc5 Rc7 16. Qa3 Rb7 17. Rc2 e5 18. Qa6 Rc7 19. Rac1 e4 20. f4 Qg4+ 21. Kh1
Qh4 22. Nf1 Ng4 23. Kg2 Nh6 24. Qe2 Nf5 25. Ng3 Re6 26. h3 Qd8 27. Nxf5 gxf5 28.
Qh5 Qc8 29. Kh2 Rh6 30. Qe2 Kh8 31. a3 Qb7 32. Bb4 Rc8 33. Rg1 Qd7 34. Rgc1 Rg8
35. Bc5 Rg6 36. Qa6 Qd8 37. Rg1 Rxg1 38. Kxg1 Bxd4+ 39. Kh2 Bxc5 40. Rxc5 d4 41.
exd4 Qxd4 42. Rc2 Qd1 0-1

[Event "Asian Nations Cup w 2016"]
[Site "Abu Dhabi UAE"]
[Date "2016.03.30"]
[Round "3.2"]
[White "Kurbonboeva, Sarvinoz"]
[Black "Al-Zarouni, Kholoud Essa"]
[Result "1-0"]
[WhiteTitle "WIM"]
[BlackTitle "WIM"]
[WhiteElo "2172"]
[BlackElo "1861"]
[WhiteTeam "Uzbekistan"]
[BlackTeam "UAE - 1"]
[WhiteFideId "14201780"]
[BlackFideId "9301194"]
[EventDate "2016.03.28"]
[EventType "team"]

1. d4 Nf6 2. c4 c5 3. d5 e6 4. Nc3 exd5 5. cxd5 d6 6. Nf3 g6 7. Nd2 Nbd7 8. e4
Bg7 9. Nc4 Nb6 10. Ne3 Qe7 11. Bd3 Nxe4 12. Nxe4 f5 13. Nc3 f4 14. O-O fxe3 15.
fxe3 Rf8 16. e4 Bd7 17. Bf4 O-O-O 18. Qd2 h6 19. a4 g5 20. Bg3 Rxf1+ 21. Rxf1
Rf8 22. Rc1 Bd4+ 23. Kh1 Qf6 24. Be2 g4 25. a5 Na8 26. b4 h5 27. bxc5 dxc5 28.
e5 Bxe5 29. Ne4 Bf4 30. Rxc5+ Kd8 31. Nxf6 Bxd2 32. Nxd7 Kxd7 33. Bb5+ Ke7 34.
d6+ Ke6 35. d7 a6 36. Rc8 Kd5 1-0

[Event "Asian Nations Cup w 2016"]
[Site "Abu Dhabi UAE"]
[Date "2016.03.30"]
[Round "3.3"]
[White "Wadima, Humaid S H AlKalbani"]
[Black "Gevorgyan, Irina"]
[Result "0-1"]
[WhiteTitle "WFM"]
[BlackTitle "WIM"]
[WhiteElo "1629"]
[BlackElo "2281"]
[WhiteTeam "UAE - 1"]
[BlackTeam "Uzbekistan"]
[WhiteFideId "9304541"]
[BlackFideId "14201437"]
[EventDate "2016.03.28"]
[EventType "team"]

1. e4 c5 2. Nf3 e6 3. d4 cxd4 4. Nxd4 a6 5. c4 Nf6 6. Nc3 Qc7 7. a3 b6 8. Be3
Bb7 9. f3 d6 10. Rc1 Nbd7 11. Be2 Be7 12. b4 O-O 13. O-O Rac8 14. Qd2 Qb8 15.
Rc2 Bd8 16. Kh1 Bc7 17. Bg1 Rfd8 18. Rfc1 Nf8 19. Na4 Ng6 20. Nb2 Ne5 21. Qe1
Nc6 22. Nd3 Nd7 23. Nxc6 Bxc6 24. c5 dxc5 25. bxc5 bxc5 26. Nxc5 Nxc5 27. Rxc5
Bb7 28. Rb1 Qa8 29. Qb4 Bc6 30. Qc3 Bd6 31. Rg5 e5 32. Qe1 h6 33. Rh5 Be8 34.
Qg3 Kh7 35. Be3 f6 36. Rh3 Bf8 37. Qe1 Rb8 38. Rc1 Bb5 39. Bxb5 Rxb5 40. g4 Qb7
41. g5 fxg5 42. Bxg5 Rd3 43. a4 Rbb3 44. Qf1 Qf7 45. Kg2 Qg6 0-1

[Event "Asian Nations Cup w 2016"]
[Site "Abu Dhabi UAE"]
[Date "2016.03.30"]
[Round "3.4"]
[White "Baymuratova, Sevara"]
[Black "Al Maamari, Wafia Darwish"]
[Result "1-0"]
[WhiteTitle "WIM"]
[BlackTitle "WCM"]
[WhiteElo "2156"]
[BlackElo "1491"]
[WhiteTeam "Uzbekistan"]
[BlackTeam "UAE - 1"]
[WhiteFideId "14202182"]
[BlackFideId "9305734"]
[EventDate "2016.03.28"]
[EventType "team"]

1. d4 Nf6 2. Nf3 g6 3. c4 Bg7 4. g3 O-O 5. Bg2 d5 6. cxd5 Qxd5 7. O-O c6 8. Nc3
Qd8 9. h3 Nd5 10. e4 Nxc3 11. bxc3 c5 12. Be3 Nc6 13. Rc1 cxd4 14. cxd4 Bd7 15.
Qd2 b6 16. Bh6 Re8 17. Bxg7 Kxg7 18. d5 Na5 19. e5 Bb5 20. Rfd1 Rc8 21. Nd4 Rxc1
22. Rxc1 Bc4 23. Qg5 Bxd5 24. Nf5+ Kh8 25. Bxd5 Qxd5 26. Nxe7 Qe6 27. Qf6+ Qxf6
28. exf6 h5 29. g4 hxg4 30. hxg4 g5 31. Kg2 1-0

[Event "Asian Nations Cup w 2016"]
[Site "Abu Dhabi UAE"]
[Date "2016.03.30"]
[Round "3.1"]
[White "Harika, Dronavalli"]
[Black "Nomin-Erdene, Davaademberel"]
[Result "1-0"]
[WhiteTitle "GM"]
[BlackTitle "IM"]
[WhiteElo "2515"]
[BlackElo "2489"]
[WhiteTeam "India"]
[BlackTeam "Mongolia"]
[WhiteFideId "5015197"]
[BlackFideId "4900782"]
[EventDate "2016.03.28"]
[EventType "team"]

1. c4 c6 2. Nf3 d5 3. e3 Nf6 4. Nc3 Nbd7 5. d4 e6 6. Bd3 dxc4 7. Bxc4 b5 8. Bd3
a6 9. e4 c5 10. e5 cxd4 11. Nxb5 axb5 12. exf6 Qb6 13. O-O gxf6 14. Qe2 b4 15.
Rd1 Bc5 16. a4 Bb7 17. Bb5 Bd5 18. Bf4 Ke7 19. Bg3 Nf8 20. a5 Qa7 21. Rac1 Bxf3
22. Qxf3 Ng6 23. Rxc5 Rac8 24. Rxc8 Rxc8 25. a6 e5 26. h4 Nf8 27. h5 Qb6 28.
Qb7+ Qxb7 29. axb7 Rb8 30. Bc6 Ne6 31. Bd5 Kd6 32. Bxe6 Kxe6 33. Rxd4 Rxb7 34.
Rc4 b3 35. Rc6+ Kf5 36. Bh4 Rd7 37. Rxf6+ Ke4 38. Rb6 Rd1+ 39. Kh2 Rd3 40. Rb4+
Kd5 41. Bg3 f5 42. Rb7 Ke6 43. Bh4 f4 44. Rxh7 e4 45. h6 Rd6 46. Rg7 Kf5 47.
Rg5+ 1-0

[Event "Asian Nations Cup w 2016"]
[Site "Abu Dhabi UAE"]
[Date "2016.03.30"]
[Round "3.2"]
[White "Munguntuul, Batkhuyag"]
[Black "Tania, Sachdev"]
[Result "1-0"]
[WhiteTitle "IM"]
[BlackTitle "IM"]
[WhiteElo "2444"]
[BlackElo "2370"]
[WhiteTeam "Mongolia"]
[BlackTeam "India"]
[WhiteFideId "4900758"]
[BlackFideId "5007844"]
[EventDate "2016.03.28"]
[EventType "team"]

1. e4 e5 2. Nf3 Nc6 3. Bb5 a6 4. Ba4 Nf6 5. O-O Be7 6. Re1 b5 7. Bb3 O-O 8. a4
b4 9. d3 d6 10. a5 Bg4 11. Be3 d5 12. Nbd2 h6 13. h3 Be6 14. Ba4 Nxa5 15. Nxe5
d4 16. Bf4 c5 17. Bg3 Qb6 18. f4 Bd6 19. f5 Qc7 20. Ndf3 Bc8 21. Bh2 Bb7 22. Qd2
Nc6 23. Nc4 Bxh2+ 24. Nxh2 Nd7 25. Ng4 h5 26. f6 hxg4 27. fxg7 Kxg7 28. Qg5+ Kh7
29. Qh5+ Kg7 30. Qxg4+ Kh7 31. Qh5+ Kg7 32. Qg5+ Kh7 33. e5 f5 34. exf6 Nxf6 35.
Re6 Nd8 36. Rxf6 Rxf6 37. Qxf6 Qg3 38. Qe7+ Kh8 39. Qe2 Ne6 40. Qe5+ Qxe5 41.
Nxe5 Nf4 42. Rf1 Nxg2 43. Rf7 Bd5 44. Ng6+ Kg8 45. Rd7 Be6 46. Rd6 Kf7 47. Kxg2
Rg8 48. Rxe6 1-0

[Event "Asian Nations Cup w 2016"]
[Site "Abu Dhabi UAE"]
[Date "2016.03.30"]
[Round "3.3"]
[White "Padmini, Rout"]
[Black "Batchimeg, Tuvshintugs"]
[Result "1/2-1/2"]
[WhiteTitle "IM"]
[BlackTitle "IM"]
[WhiteElo "2439"]
[BlackElo "2395"]
[WhiteTeam "India"]
[BlackTeam "Mongolia"]
[WhiteFideId "5029295"]
[BlackFideId "4900839"]
[EventDate "2016.03.28"]
[EventType "team"]

1. e4 e5 2. Nf3 Nc6 3. Bb5 a6 4. Ba4 Nf6 5. O-O Be7 6. Re1 b5 7. Bb3 O-O 8. a4
b4 9. d4 d6 10. dxe5 dxe5 11. Nbd2 Bc5 12. a5 Re8 13. Qe2 Qe7 14. Ba4 Bd7 15.
Nb3 Bd6 16. Bg5 h6 17. Bxf6 Qxf6 18. Nfd2 Bf8 19. Qc4 Red8 20. Nf3 Be8 21. Re3
Rd6 22. Rd3 Rad8 23. h3 Nb8 24. Bxe8 Rxe8 25. Rxd6 Qxd6 26. Qe2 Rd8 27. Nbd2 Qc5
28. Nc4 Nc6 29. b3 Be7 30. Rd1 Rxd1+ 31. Qxd1 Nxa5 32. Nfxe5 Nxc4 33. Nxc4 Bf6
34. g3 Bd4 35. Qe2 a5 36. Kg2 a4 37. bxa4 Bxf2 38. Nd2 Be3 39. Nb3 Qc3 40. Qd3
Qe1 41. Qf1 Qc3 42. Qd3 Qe1 43. Qf1 Qc3 44. Qd3 Qe1 45. Qf1 1/2-1/2

[Event "Asian Nations Cup w 2016"]
[Site "Abu Dhabi UAE"]
[Date "2016.03.30"]
[Round "3.4"]
[White "Enkhtuul, Altan-Ulzii"]
[Black "Soumya, Swaminathan"]
[Result "0-1"]
[WhiteTitle "WGM"]
[BlackTitle "WGM"]
[WhiteElo "2209"]
[BlackElo "2384"]
[WhiteTeam "Mongolia"]
[BlackTeam "India"]
[WhiteFideId "4901444"]
[BlackFideId "5016193"]
[EventDate "2016.03.28"]
[EventType "team"]

1. Nf3 Nf6 2. d4 g6 3. Bg5 Bg7 4. e3 O-O 5. c3 b6 6. Be2 c5 7. O-O Bb7 8. h3 d6
9. Nbd2 Nbd7 10. a4 a6 11. Re1 Qc7 12. Bf1 h6 13. Bh4 Rfe8 14. Bg3 Ne4 15. Nxe4
Bxe4 16. Nd2 Bc6 17. b4 cxb4 18. cxb4 b5 19. Rc1 Qb6 20. axb5 Bxb5 21. Nc4 Qb8
22. Qb3 Nf6 23. Bd3 Kh7 24. Bb1 Rc8 25. Na5 Be8 26. f4 d5 27. Bh2 Qb6 28. f5 e6
29. fxg6+ fxg6 30. Kh1 Bf8 31. Rc5 Nd7 32. Rec1 Nxc5 33. dxc5 Qd8 34. e4 Bb5 35.
exd5 exd5 36. Rd1 Qf6 37. Bg1 Rd8 38. Bd4 Qf7 39. h4 Be2 40. Re1 Re8 41. Qg3 Bg7
42. Bxg7 Kxg7 43. Nc6 Qf6 44. Nd4 Bg4 45. Rxe8 Rxe8 46. Qxg4 Re1+ 47. Kh2 Rxb1
48. Qd7+ Qf7 49. c6 Rxb4 50. Nf3 Re4 51. Kh1 Re7 52. Qd6 a5 53. Kh2 a4 54. Qb4
Re4 55. Qb2+ Qf6 56. Qb7+ Re7 57. Qb4 Rc7 58. Qxa4 Qd6+ 59. Kh3 Rxc6 60. Qd4+
Kg8 61. Qd3 Qe6+ 62. Kh2 Qe4 63. Qd2 Kh7 64. Qb2 Re6 65. Qb7+ Re7 66. Qb6 Qf4+
67. Kh1 Rc7 68. Kg1 Rc1+ 69. Kf2 Rc2+ 70. Kg1 Qg3 71. Qa7+ Rc7 72. Qe3 Qd6 73.
Nd4 Re7 74. Qd2 Re4 75. Nf3 d4 76. h5 d3 77. hxg6+ Kxg6 78. Qf2 Qf4 79. Qb6+ Qf6
80. Qb7 Qe6 81. Qb8 Kh7 82. Qb7+ Kg6 83. Qb8 Re3 84. Qg3+ Kh7 85. Qc7+ Qe7 86.
Qa5 Qf6 87. Qd5 Kh8 88. Qa8+ Kg7 89. Qb7+ Kg6 90. Nh4+ Kh5 91. Nf3 Qf5 92. Qb4
Rxf3 93. gxf3 Qxf3 94. Qc5+ Kh4 95. Kh2 Qf4+ 96. Kh1 Qe4+ 97. Kh2 Qe2+ 98. Kh1
Qd1+ 99. Kh2 Qc2+ 0-1

[Event "Asian Nations Cup w 2016"]
[Site "Abu Dhabi UAE"]
[Date "2016.03.31"]
[Round "4.1"]
[White "Ju, Wenjun"]
[Black "Nomin-Erdene, Davaademberel"]
[Result "1-0"]
[WhiteTitle "GM"]
[BlackTitle "IM"]
[WhiteElo "2568"]
[BlackElo "2489"]
[WhiteTeam "China"]
[BlackTeam "Mongolia"]
[WhiteFideId "8603006"]
[BlackFideId "4900782"]
[EventDate "2016.03.28"]
[EventType "team"]

1. d4 d5 2. c4 c6 3. Nf3 Nf6 4. Nc3 dxc4 5. a4 Bf5 6. Nh4 e6 7. Nxf5 exf5 8. e3
Bb4 9. Bxc4 O-O 10. O-O Nbd7 11. Qc2 g6 12. f3 Qb6 13. Kh1 a5 14. Bd2 Rac8 15.
Rad1 f4 16. exf4 Qxd4 17. Ba2 Qc5 18. Rfe1 Rce8 19. Qd3 Qd6 20. Qxd6 Bxd6 21.
Ne4 Bc7 22. b4 Nxe4 23. fxe4 Nb6 24. Bb3 Ra8 25. bxa5 Nc8 26. Bb4 Bxa5 27. Bxf8
Bxe1 28. Bh6 Bh4 29. Rd7 Be7 30. Rxb7 Ra7 31. Rb8 Rc7 32. f5 g5 33. a5 Bd8 34.
a6 c5 35. g3 c4 36. a7 1-0

[Event "Asian Nations Cup w 2016"]
[Site "Abu Dhabi UAE"]
[Date "2016.03.31"]
[Round "4.2"]
[White "Munguntuul, Batkhuyag"]
[Black "Zhao, Xue"]
[Result "0-1"]
[WhiteTitle "IM"]
[BlackTitle "GM"]
[WhiteElo "2444"]
[BlackElo "2504"]
[WhiteTeam "Mongolia"]
[BlackTeam "China"]
[WhiteFideId "4900758"]
[BlackFideId "8601283"]
[EventDate "2016.03.28"]
[EventType "team"]

1. d4 Nf6 2. Nf3 b6 3. Bf4 Bb7 4. e3 g6 5. h3 Bg7 6. Nbd2 d6 7. Bd3 Nbd7 8. O-O
O-O 9. e4 c5 10. c3 cxd4 11. cxd4 e5 12. dxe5 Nxe5 13. Bxe5 dxe5 14. Nxe5 Nh5
15. Ndf3 Re8 16. Ng4 Nf4 17. Bb5 Re7 18. Qxd8+ Rxd8 19. Rad1 Rxd1 20. Rxd1 Bxb2
21. Ng5 Kg7 22. Bc4 Bc8 23. Ne3 Bf6 24. Nf3 Rxe4 25. Rd6 h5 26. h4 Re7 27. g3
Ne6 28. Bb3 Re8 29. Nd5 Bb2 30. Ng5 Be5 31. Ba4 Nxg5 32. hxg5 Rf8 33. Rf6 Be6
34. Rxe6 fxe6 35. Nb4 Bd4 36. Nd3 Rf3 37. Nf4 e5 38. Bd1 Rxf2 39. Ne6+ Kh8 0-1

[Event "Asian Nations Cup w 2016"]
[Site "Abu Dhabi UAE"]
[Date "2016.03.31"]
[Round "4.3"]
[White "Lei, Tingjie"]
[Black "Batchimeg, Tuvshintugs"]
[Result "1/2-1/2"]
[WhiteTitle "WGM"]
[BlackTitle "IM"]
[WhiteElo "2495"]
[BlackElo "2395"]
[WhiteTeam "China"]
[BlackTeam "Mongolia"]
[WhiteFideId "8605114"]
[BlackFideId "4900839"]
[EventDate "2016.03.28"]
[EventType "team"]

1. d4 Nf6 2. c4 g6 3. Nc3 d5 4. cxd5 Nxd5 5. g3 Bg7 6. Bg2 Nxc3 7. bxc3 c5 8.
Nf3 Nc6 9. Be3 cxd4 10. Nxd4 Nxd4 11. cxd4 Qa5+ 12. Qd2 Qxd2+ 13. Kxd2 O-O 14.
Rhd1 Be6 15. Ke1 Rfd8 16. Bxb7 Rab8 17. Bc6 Rb6 18. d5 Bc3+ 19. Kf1 Bxa1 20.
Bxb6 axb6 21. Rxa1 Bxd5 22. Bxd5 Rxd5 23. Rb1 Rd2 24. a4 Rd4 25. Rxb6 Rxa4 26.
Rb7 e6 27. h4 h5 28. Kg2 Ra2 29. e3 Kg7 30. Rc7 Rb2 31. Ra7 Rc2 1/2-1/2